000 00296nam a22001337a 4500
008 170821b xxu||||| |||| 00| 0 eng d
020 _a9780618313853
041 _aeng
080 _25 ED
_a51
100 _a37
101 _aMAT
245 _aCOLLEGE ALGEBRA
_cHOSRWTLER.L
942 _2udc
_cBK
999 _c24245
_d24245